000 00373nam a2200145Ia 4500
008 230917s9999||||xx |||||||||||||| ||und||
040 _e141668
_aMAIN
041 _aEnglish
082 _a519.5 Y91I
100 _aYule, G Udny
245 0 _aIntroducation to the theory of statistics
260 _aNew Delhi
_bUniversal book stall
_c1994
300 _a701p. p.
942 _cBK
999 _c94246
_d94246